Представление документа в формате RUSMARC

ПолеНазваниеЗначение
  Тип записи a
  Библиографический уровень a
001 Контрольный номер RU/CBS_Ul/BASE/504283858
005 Дата корректировки 20240209175106.6
100 Данные общей обработки __
a Данные общей обработки 20151224d2015 ||| 0rusy0189 ca
101 Язык документа 0_
a Язык текста rus
102 Страна публикации __
a Страна публикации RU
105 Кодированные данные (монография) __
a Кодированные данные (монография) y###||||000|y
200 Заглавие и сведения об ответственности 1_
a Заглавие Банковский сектор: депозиты растут, кредитные риски сохраняются
b Общее обозначение материала Текст
e Сведения, относящиеся к заглавию [как развивается банковский сектор Ульяновской области]
300 Общие примечания __
a Общие примечания Ограничения по возрасту - 16+
461 Уровень набора _0
1 2000
a Деловое обозрение
463 Уровень физической единицы _0
1 001RU/CBS_Ul/BASE/504282183
1 2000
a № 12
v С. 24-27
1 210
d 2015
606 Тематические рубрики 0_
a Основная рубрика Банки - Ульяновская область
610 Ключевые слова 0_
a Ключевые слова банковский сектор
610 Ключевые слова 0_
a Ключевые слова банки
610 Ключевые слова 0_
a Ключевые слова кредитная система
610 Ключевые слова 0_
a Ключевые слова кредиты
610 Ключевые слова 0_
a Ключевые слова кредитные риски
610 Ключевые слова 0_
a Ключевые слова банковские депозиты
610 Ключевые слова 0_
a Ключевые слова банковское обслуживание
686 Индексы других классификаций __
a Классификационный индекс 65.262.1
2 Код системы ББК
801 Источник записи _0
a Страна RU
b Организация МБУК ЦБС г. Ульяновска
c Дата составления 20151224
g Правила каталогизации RCR
801 Источник записи _1
a Страна RU
b Организация МБУК ЦБС г. Ульяновска
c Дата составления 20151224
g Правила каталогизации RCR
901 Тип документа __
t Тип документа b
w Контрольный № источника RU/CBS_Ul/BASE/504282183
910 Корректоры записи __
a Корректор записи Сидоркина
938 Служебная информация __
a Имя БД kraeved